W którym polskim mieście jest port lotniczy? - Statystyki

Ogólne statystyki
  • Ten quiz został rozwiązany 64 razy
  • Średni wynik to 14 z 15
Statystyki odpowiedzi
Hint Odpowiedź % Poprawnych
4. Gdańsk
100%
3. Kraków
100%
2. Warszawa
100%
11. Szczecin
98%
15. Katowice
97%
13. Poznań
97%
14. Wrocław
95%
8. Łódź
93%
12. Rzeszów
90%
1. Radom
88%
5. Radom
88%
9. Bydgoszcz
82%
10. Lublin
82%
7. Olsztyn
72%
6. Zielona Góra
70%
Nie znaleziono quizów pasujących do podanych kryteriów
Rozkład punktacji
Procent ludzi z każdym wynikiem
Percentyl według liczby udzielonych odpowiedzi
Twoja historia wyników
Nie rozwiązałeś tego quizu